| 000 | 00455nam a22001817a 4500 | ||
|---|---|---|---|
| 003 | OSt | ||
| 005 | 20140310182014.0 | ||
| 008 | 121121t xxu||||| |||| 00| 0 eng d | ||
| 020 | _a0340607262 | ||
| 050 |
_aPZ 8 _b.C951 1994 |
||
| 082 |
_aKF _bIb2d 2002 |
||
| 245 |
_aCrossed Lines The Mystery Club 10 _cFiona Kelly |
||
| 260 |
_aLondon _bHodder Children's Books _c1988 |
||
| 300 | _g17.5cm | ||
| 541 | _j1 | ||
| 562 | _e1 | ||
| 942 |
_2lcc _cBK-KF _kKF |
||
| 999 |
_c8197 _d8197 |
||